Văn hóa dân gian làng biển Cảnh Dương
Tổng quan về vị trí địa lý, điều kiện tự nhiên, lịch sử hình thành và phát triển của làng biển Cảnh Dương; giới thiệu những hình thức sinh hoạt văn hoá dân gian cổ truyền làng biển Cảnh Dương; một số đề xuất giải pháp kế thừa và phát huy di sản văn hoá dân gian cổ truyền làng xã; các tư liệu văn hoá...
Na minha lista:
| Outros Autores: | , , , |
|---|---|
| Formato: | Livro |
| Idioma: | Vietnamese |
| Publicado em: |
H.
Thời đại
2013
|
| Colecção: | ĐTTS ghi: Hội Văn nghệ dân gian Việt Nam
|
| Assuntos: | |
| Tags: |
Adicionar Tag
Sem tags, seja o primeiro a adicionar uma tag!
|
| Thư viện lưu trữ: | Mạng thư viện Đại học Đà Nẵng |
|---|
| LEADER | 02066nam a2200409 4500 | ||
|---|---|---|---|
| 001 | 000019552 | ||
| 003 | 15987 | ||
| 005 | 20140723100753.0 | ||
| 008 | 140617s2013 viesd | ||
| 041 | 0 | |a vie | |
| 082 | 1 | 4 | |a 398.0959745 |b Văn |
| 245 | 1 | 0 | |a Văn hóa dân gian làng biển Cảnh Dương |c Bs: Nguyễn Quang Lê, Trương Minh Hằng, Đặng Diệu Trang, Lưu Danh Doanh |
| 260 | |a H. |b Thời đại |c 2013 | ||
| 300 | |a 219 tr. |c 21 cm. | ||
| 490 | |a ĐTTS ghi: Hội Văn nghệ dân gian Việt Nam | ||
| 504 | |a Thư mục: tr. 219 | ||
| 520 | 3 | |a Tổng quan về vị trí địa lý, điều kiện tự nhiên, lịch sử hình thành và phát triển của làng biển Cảnh Dương; giới thiệu những hình thức sinh hoạt văn hoá dân gian cổ truyền làng biển Cảnh Dương; một số đề xuất giải pháp kế thừa và phát huy di sản văn hoá dân gian cổ truyền làng xã; các tư liệu văn hoá, văn học dân gian cổ truyền làng biển Cảnh Dương | |
| 650 | 0 | 4 | |a Văn hóa dân gian |x Nghiên cứu |z Việt Nam (Quảng Bình) |
| 653 | |a Văn hóa dân gian | ||
| 653 | |a Cảnh Dương | ||
| 653 | |a Làng biển | ||
| 700 | 1 | |a Nguyễn Quang Lê |e bs. | |
| 700 | 1 | |a Trương Minh Hằng |e bs. | |
| 700 | 1 | |a Đặng Diệu Trang |e bs. | |
| 700 | 1 | |a Lưu Danh Doanh |e bs. | |
| OWN | |a LSP | ||
| AVA | |a UDN50 |b LNN |d 895.922 NG-L |e available |t Error 5001 Not defined in file expand_doc_bib_avail. |f 1 |g 0 |h N |i 0 | ||
| AVA | |a UDN50 |b LSP |d 398.0959745 Văn |e available |t Error 5001 Not defined in file expand_doc_bib_avail. |f 1 |g 0 |h N |i 0 |k 1 | ||
| 999 | |a From the UDN01 | ||
| AVA | |a UDN50 |b LNN |d 895.922 NG-L |e available |t Error 5001 Not defined in file expand_doc_bib_avail. |f 1 |g 0 |h N |i 0 | ||
| AVA | |a UDN50 |b LSP |d 398.0959745 Văn |e available |t Error 5001 Not defined in file expand_doc_bib_avail. |f 1 |g 0 |h N |i 0 |k 1 | ||
| TYP | |a Monograph | ||
| TYP | |a Printed language | ||
| 980 | |a Mạng thư viện Đại học Đà Nẵng | ||